[Event "Valasska Bystrice op"]
[Site "Valasska Bystrice"]
[Date "2023.09.16"]
[Round "9"]
[White "Peterka, Josef"]
[Black "Bartosek, Ivan"]
[Result "1-0"]
[WhiteElo "1854"]
[BlackElo "1657"]
[PlyCount "71"]
[EventDate "2023.09.09"]
[EventType "swiss"]
[EventRounds "9"]
[EventCountry "CZE"]
[SourceTitle "EXT 2024"]
[Source "ChessBase"]
[SourceDate "2023.10.10"]
[SourceVersion "1"]
[SourceVersionDate "2023.10.10"]
[SourceQuality "1"]

1. d4 e6 2. e3 d5 3. Bd3 c5 4. c3 c4 5. Bc2 Nf6 6. Nd2 b5 7. f4 Bb7 8. Qf3 b4 9. Ne2 a5 10. Nxc4 Ne4 11. cxb4 Bxb4+ 12. Bd2 Qc7 13. Rc1 Qxc4 14. Ba4+ Ke7 15. Rxc4 Nxd2 16. Rc7+ Kd6 17. Qh5 Ne4+ 18. Nc3 Kxc7 19. 0-0 Nxc3 20. Qxf7+ Kb6 21. bxc3 Bxc3 22. Rb1+ Bb4 23. a3 Nc6 24. Bxc6 Bxc6 25. Qe7 Rhc8 26. axb4 a4 27. b5 Bxb5 28. Qxe6+ Rc6 29. Qxd5 Ra5 30. Qd8+ Ka6 31. Qa8+ Kb6 32. Qb8+ Ka6 33. d5 Rc2 34. d6 Rd2 35. Qc8+ Ka7 36. Qc3 1-0

[Event "Valasska Bystrice op"]
[Site "Valasska Bystrice"]
[Date "2023.09.11"]
[Round "4"]
[White "Kasparek, Jiri"]
[Black "Peterka, Josef"]
[Result "1/2-1/2"]
[WhiteElo "1707"]
[BlackElo "1854"]
[PlyCount "156"]
[EventDate "2023.09.09"]
[EventType "swiss"]
[EventRounds "9"]
[EventCountry "CZE"]
[SourceTitle "EXT 2024"]
[Source "ChessBase"]
[SourceDate "2023.10.10"]
[SourceVersion "1"]
[SourceVersionDate "2023.10.10"]
[SourceQuality "1"]

1. e4 e5 2. Nf3 Nc6 3. Bb5 Nf6 4. Nc3 Bb4 5. 0-0 0-0 6. Re1 d6 7. h3 Bd7 8. a3 Ba5 9. Bc4 Be6 10. Bf1 Nd7 11. b4 Bb6 12. Na4 Nd4 13. Bb2 Nxf3+ 14. Qxf3 c6 15. Nxb6 Nxb6 16. Rad1 f5 17. d4 fxe4 18. Qxe4 Bf5 19. Qe2 e4 20. Qe3 d5 21. Rc1 Rf6 22. c4 Rc8 23. cxd5 cxd5 24. Qb3 Be6 25. Rc3 Qf8 26. Rxc8 Bxc8 27. Qe3 Bd7 28. Bc1 a6 29. Qg3 Bb5 30. Bxb5 axb5 31. Qc7 Qc8 32. Qxc8+ Nxc8 33. Bg5 Rg6 34. Rc1 Rc6 35. Rc5 Rxc5 36. dxc5 Kf7 37. f3 exf3 38. gxf3 Kg6 39. Bd8 Kf5 40. Kf2 Na7 41. h4 Nc6 42. Bc7 d4 43. Ke2 Ke6 44. f4 g6 45. Kd3 Kd5 46. Bd6 h5 47. Bc7 Ne7 48. Bd8 Nf5 49. Bf6 Ne3 50. Bd8 Nc4 51. Bf6 Nxa3 52. Bxd4 Nc4 53. Bc3 b6 54. cxb6 Nxb6 55. Bd4 Nd7 56. Bh8 Nf8 57. Bg7 Ne6 58. Be5 Nd8 59. Bf6 Nc6 60. Bc3 Ne7 61. Bf6 Nf5 62. Bd8 Ng3 63. Be7 Ke6 64. Bg5 Kf5 65. Kd4 Ne2+ 66. Kc5 Nxf4 67. Kxb5 Ne6 68. Be7 g5 69. hxg5 h4 70. Bd6 Nxg5 71. Ka6 Nf7 72. Bh2 Ke6 73. b5 Nd8 74. Ka7 Kd7 75. Kb8 h3 76. Ka7 Kc8 77. Kb6 Ne6 78. Ka7 Nc5 1/2-1/2

[Event "Zlin Region-chT 2223"]
[Site "Czech Republic"]
[Date "2023.04.02"]
[Round "11.8"]
[White "Peterka, Josef"]
[Black "Kucera, Pavel1111"]
[Result "1-0"]
[WhiteElo "1841"]
[BlackElo "1452"]
[PlyCount "113"]
[EventDate "2022.10.09"]
[EventType "team-tourn"]
[EventRounds "11"]
[EventCountry "CZE"]
[SourceTitle "EXT 2024"]
[Source "ChessBase"]
[SourceDate "2023.10.10"]
[SourceVersion "1"]
[SourceVersionDate "2023.10.10"]
[SourceQuality "1"]
[WhiteTeam "Valasska Bystrice Sokol"]
[BlackTeam "Valasske Mezirici"]
[WhiteTeamCountry "CZE"]
[BlackTeamCountry "CZE"]

1. d4 Nf6 2. e3 e6 3. Bd3 b6 4. f4 Bb7 5. Nf3 d5 6. 0-0 Be7 7. Ne5 0-0 8. Nd2 c5 9. c3 Ne4 10. Rf3 f6 11. Ng4 Nd7 12. Rh3 f5 13. Ne5 Nxe5 14. fxe5 Bg5 15. Qh5 Bh6 16. Nf1 Qe8 17. Qh4 Qg6 18. Be2 Bg5 19. Qe1 f4 20. Bh5 Qf5 21. Qe2 a5 22. Qg4 fxe3 23. Qxf5 exf5 24. Nxe3 f4 25. Nc2 Bc8 26. Rd3 c4 27. Rd1 Bf5 28. Ne1 g6 29. Bf3 h5 30. Be2 Bg4 31. Nf3 Bh6 32. Re1 g5 33. Bxc4 dxc4 34. Rxe4 Bf5 35. Re1 g4 36. Nd2 Bd3 37. Ne4 Kg7 38. Nf6 Kg6 39. Bd2 Ra7 40. Rac1 Bg5 41. Ne4 Bh6 42. Nf2 Bf5 43. Ne4 Be6 44. Rcd1 Bd5 45. Nf6 f3 46. Bxh6 Kxh6 47. Re3 Ba8 48. d5 fxg2 49. Kxg2 Kg6 50. Kg3 Kg5 51. Ne4+ Kg6 52. e6 Rd8 53. d6 Kf5 54. e7 h4+ 55. Kxh4 Rh8+ 56. Kg3 Rd7 57. Rf1+ 1-0

[Event "Vsetin op 44th"]
[Site "Vsetin"]
[Date "2019.07.04"]
[Round "7"]
[White "Laurincova, Kristyna"]
[Black "Peterka, Josef"]
[Result "1-0"]
[WhiteElo "1984"]
[BlackElo "1841"]
[PlyCount "75"]
[EventDate "2019.06.29"]
[EventType "swiss"]
[EventRounds "9"]
[EventCountry "CZE"]
[SourceTitle "CBM 191 Extra"]
[Source "ChessBase"]
[SourceDate "2019.09.30"]
[SourceVersion "1"]
[SourceVersionDate "2019.09.30"]
[SourceQuality "1"]

1. e4 e5 2. Nf3 Nc6 3. Bb5 Nd4 4. Nxd4 exd4 5. 0-0 Bc5 6. Qh5 Qe7 7. d3 g6 8. Qd1 c6 9. Bc4 d6 10. a4 Be6 11. Bd2 Nf6 12. b4 Bb6 13. a5 Bc7 14. Bxe6 Qxe6 15. Bh6 Rg8 16. Bg5 Nd7 17. f4 f6 18. f5 Qf7 19. Bh4 Qg7 20. Qg4 Ne5 21. Qe2 g5 22. Bg3 0-0-0 23. Nd2 d5 24. Nb3 dxe4 25. Qxe4 Rge8 26. Nc5 Nxd3 27. Qxd3 Re3 28. Qc4 Rxg3 29. hxg3 Bxg3 30. Rf3 Be5 31. b5 g4 32. bxc6 b5 33. Qxb5 gxf3 34. Qa6+ Kb8 35. Rb1+ Ka8 36. Qb7+ Qxb7 37. cxb7+ Kb8 38. Na6# 1-0

[Event "Vsetin op 44th"]
[Site "Vsetin"]
[Date "2019.07.03"]
[Round "6"]
[White "Peterka, Josef"]
[Black "Mica, Marek"]
[Result "0-1"]
[WhiteElo "1841"]
[BlackElo "2222"]
[PlyCount "73"]
[EventDate "2019.06.29"]
[EventType "swiss"]
[EventRounds "9"]
[EventCountry "CZE"]
[SourceTitle "CBM 191 Extra"]
[Source "ChessBase"]
[SourceDate "2019.09.30"]
[SourceVersion "1"]
[SourceVersionDate "2019.09.30"]
[SourceQuality "1"]

1. d4 Nf6 2. e3 e6 3. Bd3 b6 4. Nf3 Bb7 5. Nbd2 d6 6. 0-0 Nbd7 7. b3 g6 8. Bb2 Bg7 9. c4 0-0 10. e4 e5 11. d5 Nc5 12. Bc2 a5 13. Ne1 Qe7 14. Qe2 Rae8 15. Nd3 Nxd3 16. Bxd3 Bc8 17. Nb1 Nh5 18. f3 f5 19. Nc3 f4 20. Qc2 Qh4 21. a3 g5 22. Qf2 Ng3 23. Ne2 Nxf1 24. Qxh4 gxh4 25. Rxf1 h3 26. g3 fxg3 27. hxg3 Bh6 28. f4 exf4 29. Nxf4 Bxf4 30. gxf4 Kf7 31. e5 Rg8+ 32. Kh1 Rg3 33. e6+ Bxe6 34. dxe6+ Rxe6 35. Bxh7 Re2 36. Ba1 Rgg2 37. Bd4 0-1

[Event "Vsetin op 43rd"]
[Site "Vsetin"]
[Date "2018.07.08"]
[Round "6"]
[White "Peterka, Josef"]
[Black "Yanjinlkham, Bayarsaikhan"]
[Result "0-1"]
[WhiteElo "1820"]
[BlackElo "1984"]
[PlyCount "80"]
[EventDate "2018.07.04"]
[EventType "swiss"]
[EventRounds "9"]
[EventCountry "CZE"]
[SourceTitle "CBM 185 Extra"]
[Source "ChessBase"]
[SourceDate "2018.07.29"]
[SourceVersion "1"]
[SourceVersionDate "2018.07.29"]
[SourceQuality "1"]

1. d4 d5 2. e3 Nf6 3. Bd3 g6 4. Nd2 Nbd7 5. f4 Bg7 6. Ngf3 c5 7. c3 a6 8. 0-0 b5 9. Ne5 Bb7 10. Qf3 e6 11. a3 c4 12. Bc2 a5 13. e4 0-0 14. Nxd7 Nxd7 15. e5 Qb6 16. Kh1 b4 17. g4 f6 18. Qe2 b3 19. Bd1 fxe5 20. fxe5 Bxe5 21. Nf3 Bg7 22. Be3 Qd6 23. Kg1 e5 24. dxe5 Nxe5 25. Nd4 Rxf1+ 26. Qxf1 Rf8 27. Qg2 Qe7 28. Qg3 Nf3+ 29. Nxf3 Qxe3+ 30. Qf2 Qxf2+ 31. Kxf2 d4 32. Be2 Bxf3 33. Bxf3 dxc3 34. bxc3 Bxc3 35. Rb1 b2 36. Kg2 Rd8 37. Kf1 Be5 38. h4 c3 39. Bd1 Rxd1+ 40. Rxd1 c2 0-1

[Event "Valasska Bystrice op"]
[Site "Valasska Bystrice"]
[Date "2017.09.13"]
[Round "6"]
[White "Peterka, Josef"]
[Black "Briza, Jiri"]
[Result "0-1"]
[WhiteElo "1835"]
[BlackElo "1964"]
[PlyCount "122"]
[EventDate "2017.09.09"]
[EventType "swiss"]
[EventRounds "9"]
[EventCountry "CZE"]
[SourceTitle "CBM 180 Extra"]
[Source "ChessBase"]
[SourceDate "2017.10.06"]
[SourceVersion "1"]
[SourceVersionDate "2017.10.06"]
[SourceQuality "1"]

1. d4 Nf6 2. Bg5 Ne4 3. Bh4 c5 4. f3 Qa5+ 5. c3 Nf6 6. d5 g6 7. e4 Bg7 8. Nd2 d6 9. Nc4 Qc7 10. Qd2 0-0 11. Be2 Nbd7 12. g4 Ne5 13. Nxe5 dxe5 14. Rd1 b6 15. Bf2 Rd8 16. c4 Ne8 17. h4 f6 18. Bd3 Nd6 19. Qc2 e6 20. h5 g5 21. Ne2 h6 22. Nc3 Qf7 23. a3 f5 24. dxe6 Bxe6 25. exf5 Bxc4 26. Bxc4 Qxc4 27. Qe2 e4 28. Qxc4+ Nxc4 29. Nxe4 Bxb2 30. a4 Be5 31. Ke2 Nb2 32. Rxd8+ Rxd8 33. a5 Bf4 34. Rb1 Nc4 35. axb6 axb6 36. Be1 Kf7 37. Bc3 Bc7 38. Ra1 Be5 39. Ra7+ Kf8 40. Be1 Nd6 41. Nc3 b5 42. Ra6 b4 43. Na4 b3 44. Nxc5 b2 45. Rb6 Nc4 46. Rb7 Ke8 47. Na4 Ra8 48. Nxb2 Ra2 49. Kd3 Rxb2 50. Rxb2 Nxb2+ 51. Ke4 Bf4 52. Bc3 Nc4 53. Bg7 Nd2+ 54. Kd5 Kf7 55. Bxh6 Nxf3 56. Ke4 Nh2 57. f6 Kxf6 58. Bf8 Nxg4 59. Kf3 Ne5+ 60. Kg2 Nf7 61. Bb4 Kg7 0-1

[Event "Vsetin op"]
[Site "Vsetin"]
[Date "2017.07.02"]
[Round "2"]
[White "Peterka, Josef"]
[Black "Mica, Marek"]
[Result "1/2-1/2"]
[WhiteElo "1796"]
[BlackElo "1974"]
[PlyCount "124"]
[EventDate "2017.07.01"]
[EventType "swiss"]
[EventRounds "9"]
[EventCountry "CZE"]
[SourceTitle "CBM 179 Extra"]
[Source "ChessBase"]
[SourceDate "2017.08.23"]
[SourceVersion "1"]
[SourceVersionDate "2017.08.23"]
[SourceQuality "1"]

1. d4 Nf6 2. Bg5 e6 3. e3 b6 4. Bd3 Bb7 5. f3 c5 6. c3 Be7 7. Ne2 Nc6 8. e4 d5 9. e5 Nd7 10. Bxe7 Qxe7 11. Qd2 Rc8 12. Na3 a6 13. Rc1 0-0 14. 0-0 b5 15. Bb1 Qd8 16. Nc2 a5 17. Ne3 Qb6 18. Kh1 b4 19. Ng4 Ba6 20. Qc2 g6 21. Nf6+ Nxf6 22. exf6 cxd4 23. Qd2 Qd8 24. cxd4 Qxf6 25. Bd3 Bxd3 26. Qxd3 Ne7 27. Rxc8 Rxc8 28. Rc1 Rxc1+ 29. Nxc1 Nf5 30. Ne2 Qh4 31. g3 Qd8 32. Qc2 Qb6 33. Qd3 Qc6 34. b3 Nd6 35. Kg2 a4 36. Kf2 axb3 37. axb3 Qb6 38. Kg2 Qa5 39. Qb1 Nb5 40. Qc2 Kg7 41. Qc5 h6 42. h4 Kf6 43. g4 Kg7 44. g5 hxg5 45. hxg5 Qa2 46. Qxb5 Qxb3 47. Kf2 Qb1 48. Qa5 b3 49. Qd8 b2 50. Qf6+ Kg8 51. Qf4 Qc2 52. Qb8+ Kg7 53. Qe5+ Kf8 54. Qd6+ Ke8 55. Qb8+ Kd7 56. Qb7+ Kd8 57. Qb8+ Ke7 58. Qb7+ Kf8 59. Qb8+ Kg7 60. Qe5+ Kh7 61. Qh2+ Kg8 62. Qb8+ Kg7 1/2-1/2

[Event "Valasska Bystrice op"]
[Site "Valasska Bystrice"]
[Date "2016.09.16"]
[Round "8"]
[White "Peterka, Josef"]
[Black "Slizek, Josef"]
[Result "1-0"]
[WhiteElo "1792"]
[BlackElo "1952"]
[PlyCount "82"]
[EventDate "2016.09.10"]
[EventType "swiss"]
[EventRounds "9"]
[EventCountry "CZE"]
[SourceTitle "CBM 174 Extra"]
[Source "ChessBase"]
[SourceDate "2016.10.10"]
[SourceVersion "1"]
[SourceVersionDate "2016.10.10"]
[SourceQuality "1"]

1. d4 Nf6 2. e3 e6 3. Bd3 c5 4. c3 Be7 5. Nf3 b6 6. e4 d6 7. e5 Nd5 8. Be4 b5 9. Qb3 Bd7 10. dxc5 dxc5 11. Bxd5 exd5 12. Qxd5 Bc6 13. Qxd8+ Bxd8 14. Be3 Be7 15. Nbd2 0-0 16. 0-0 Nd7 17. Rfe1 Rfe8 18. Bf4 Bf8 19. c4 a6 20. b3 h6 21. h4 Re6 22. Re3 Rae8 23. Rae1 Nb6 24. Bg3 Rd8 25. Rc1 Be7 26. Rcc3 Re8 27. Ne1 bxc4 28. bxc4 g5 29. hxg5 hxg5 30. f4 gxf4 31. Bxf4 Rg6 32. Rg3 Bh4 33. Rxg6+ fxg6 34. Nef3 Bd8 35. Kf2 Bc7 36. Re3 Kg7 37. g3 a5 38. e6 Bxf4 39. gxf4 Kf6 40. Re5 Rd8 41. Rxc5 Rc8 1-0

[Event "Valasska Bystrice op"]
[Site "Valasska Bystrice"]
[Date "2016.09.13"]
[Round "5"]
[White "Kunc, Miroslav"]
[Black "Peterka, Josef"]
[Result "0-1"]
[WhiteElo "1553"]
[BlackElo "1792"]
[PlyCount "44"]
[EventDate "2016.09.10"]
[EventType "swiss"]
[EventRounds "9"]
[EventCountry "CZE"]
[SourceTitle "CBM 174 Extra"]
[Source "ChessBase"]
[SourceDate "2016.10.10"]
[SourceVersion "1"]
[SourceVersionDate "2016.10.10"]
[SourceQuality "1"]

1. e4 e5 2. Nc3 Nf6 3. f4 exf4 4. e5 Ng8 5. Nf3 g5 6. d4 Bg7 7. h4 g4 8. Ng5 d5 9. exd6 Qxd6 10. Nb5 Qe7+ 11. Qe2 Na6 12. Bxf4 h6 13. Qxe7+ Nxe7 14. Ne4 Nd5 15. Bd2 0-0 16. 0-0-0 h5 17. Nbc3 Nab4 18. Nxd5 Nxd5 19. Bc4 Nb6 20. Bb4 Re8 21. Rhe1 Bf5 22. Ng3 Bg6 0-1

[Event "Valasska Bystrice op"]
[Site "Valasska Bystrice"]
[Date "2016.09.12"]
[Round "4"]
[White "Peterka, Josef"]
[Black "Smutek, Jiri"]
[Result "1/2-1/2"]
[WhiteElo "1792"]
[BlackElo "1468"]
[PlyCount "20"]
[EventDate "2016.09.10"]
[EventType "swiss"]
[EventRounds "9"]
[EventCountry "CZE"]
[SourceTitle "CBM 174 Extra"]
[Source "ChessBase"]
[SourceDate "2016.10.10"]
[SourceVersion "1"]
[SourceVersionDate "2016.10.10"]
[SourceQuality "1"]

1. d4 Nf6 2. c4 g6 3. Nc3 d5 4. cxd5 Nxd5 5. Na4 e5 6. dxe5 Bb4+ 7. Bd2 Ne3 8. fxe3 Bxd2+ 9. Qxd2 Qh4+ 10. g3 Qxa4 1/2-1/2

[Event "Valasska Bystrice op"]
[Site "Valasska Bystrice"]
[Date "2016.09.11"]
[Round "3"]
[White "Parak, Dominik"]
[Black "Peterka, Josef"]
[Result "1-0"]
[WhiteElo "2098"]
[BlackElo "1792"]
[PlyCount "111"]
[EventDate "2016.09.10"]
[EventType "swiss"]
[EventRounds "9"]
[EventCountry "CZE"]
[SourceTitle "CBM 174 Extra"]
[Source "ChessBase"]
[SourceDate "2016.10.10"]
[SourceVersion "1"]
[SourceVersionDate "2016.10.10"]
[SourceQuality "1"]

1. e4 e5 2. Nf3 Nc6 3. Bb5 g6 4. 0-0 Bg7 5. c3 Nge7 6. Re1 d5 7. exd5 Qxd5 8. c4 Qd6 9. Nc3 Bf5 10. d4 exd4 11. Nd5 0-0 12. Bf4 Qc5 13. b4 Nxb4 14. Nxe7+ Kh8 15. Be5 Be6 16. Bxg7+ Kxg7 17. Qxd4+ Qxd4 18. Nxd4 c6 19. Ba4 Kf6 20. Reb1 Nd3 21. Nexc6 bxc6 22. Bxc6 Rab8 23. Nxe6 fxe6 24. Rb3 Ne5 25. Bb5 Rfc8 26. f4 Nf7 27. Rd1 Rc7 28. Ra3 Rb6 29. Rd2 Nd6 30. Ra6 Nxc4 31. Bxc4 Rxc4 32. Rxa7 Rxf4 33. g3 Rf5 34. Kg2 Rb1 35. Rxh7 Ra1 36. Ra7 Rff1 37. Ra6 Rg1+ 38. Kf3 Rgf1+ 39. Ke3 Rfe1+ 40. Kd4 Re5 41. Rf2+ Rf5 42. Re2 Rd5+ 43. Kc3 Re5 44. Rxe5 Kxe5 45. Ra4 Rf1 46. Ra5+ Ke4 47. Rg5 Rf6 48. a4 e5 49. a5 Re6 50. Kc4 Rc6+ 51. Kb5 Re6 52. a6 Kf3 53. a7 Re8 54. Rxg6 e4 55. Ra6 Ra8 56. Kb6 1-0

[Event "Valasska Bystrice op"]
[Site "Valasska Bystrice"]
[Date "2016.09.11"]
[Round "2"]
[White "Peterka, Josef"]
[Black "Juricek, Stanislav"]
[Result "0-1"]
[WhiteElo "1792"]
[BlackElo "2072"]
[PlyCount "102"]
[EventDate "2016.09.10"]
[EventType "swiss"]
[EventRounds "9"]
[EventCountry "CZE"]
[SourceTitle "CBM 174 Extra"]
[Source "ChessBase"]
[SourceDate "2016.10.10"]
[SourceVersion "1"]
[SourceVersionDate "2016.10.10"]
[SourceQuality "1"]

1. d4 Nf6 2. e3 e6 3. Bd3 c5 4. c3 Be7 5. f4 d5 6. Nd2 0-0 7. Ngf3 b6 8. 0-0 Ba6 9. Bxa6 Nxa6 10. b3 b5 11. dxc5 Nxc5 12. Qe2 Qb6 13. Bb2 Rfd8 14. Nd4 a6 15. N2f3 g6 16. Ne5 Rac8 17. Rfc1 Nfd7 18. Nxd7 Rxd7 19. Rc2 Rdc7 20. Rac1 Ne4 21. Qd3 Qa5 22. h3 Ba3 23. Bxa3 Qxa3 24. Ne2 Nd6 25. Ng3 h5 26. e4 h4 27. e5 hxg3 28. exd6 Qxd6 29. Qxg3 b4 30. c4 dxc4 31. bxc4 Rc5 32. Qf2 Rd8 33. Re1 Qd4 34. g3 Kf8 35. Ree2 Qxf2+ 36. Kxf2 Rd4 37. Re3 Rdxc4 38. Rxc4 Rxc4 39. Re2 Ke7 40. Rd2 Rc3 41. Kg2 f5 42. g4 fxg4 43. hxg4 a5 44. Kf2 Kf6 45. Re2 Rc5 46. Kf3 e5 47. fxe5+ Rxe5 48. Rc2 Kg5 49. Rd2 Rc5 50. Rd4 Rc3+ 51. Ke4 Kxg4 0-1